[Event "Oberliga Ost-B 9596"]
[Site "Germany"]
[Date "1996.??.??"]
[Round "?"]
[White "Babrikowski, Peter"]
[Black "Hackel, Mario"]
[Result "1/2-1/2"]
[WhiteElo "2270"]
[BlackElo "2325"]
[PlyCount "106"]
[EventDate "1995.10.??"]
[EventType "team"]
[EventRounds "10"]
[EventCountry "GER"]
[SourceTitle "EXT 1998"]
[Source "ChessBase"]
[SourceDate "1997.11.17"]
[SourceVersion "1"]
[SourceVersionDate "1997.11.17"]
[SourceQuality "1"]

1. e4 g6 2. d4 Bg7 3. Bc4 c5 4. Qf3 d5 5. exd5 cxd4 6. Ne2 Nd7 7. 0-0 Ne5 8. Bb5+ Bd7 9. Qb3 Qb6 10. Na3 Nh6 11. Bf4 Rd8 12. Bxh6 Bxh6 13. Rad1 0-0 14. Bxd7 Qxb3 15. axb3 Rxd7 16. Rxd4 Rfd8 17. c4 Bg7 18. Nb5 a6 19. Nbc3 Rd6 20. f4 Nd7 21. Re4 Kf8 22. b4 Nf6 23. Re3 Rb6 24. b5 axb5 25. Nxb5 Rc8 26. b3 Nxd5 27. Rd3 Nb4 28. Rd7 Nc6 29. Rfd1 Bf6 30. Ng3 Na5 31. R1d3 Bh4 32. Kf2 Kg7 33. Kf3 Re6 34. Ne4 f5 35. Ned6 Rc6 36. Nxb7 Nxb7 37. Rxb7 Re1 38. g3 Bf6 39. Nd4 Ra6 40. Rd2 Rf1+ 41. Ke2 Raa1 42. Nf3 Rfc1 43. Ne5 Rab1 44. Kd3 g5 45. Rb5 Rf1 46. fxg5 Bxg5 47. Re2 Bf6 48. c5 Rbc1 49. Nc4 Rc3+ 50. Kd2 Rfc1 51. h4 R1c2+ 52. Ke1 Rc1+ 53. Kd2 R1c2+ 1/2-1/2

[Event "Oberliga Ost-B 9596"]
[Site "Germany"]
[Date "1996.??.??"]
[Round "?"]
[White "Haessler, Wolfgang"]
[Black "Babrikowski, Peter"]
[Result "1/2-1/2"]
[WhiteElo "2652"]
[BlackElo "2270"]
[PlyCount "35"]
[EventDate "1995.10.??"]
[EventType "team"]
[EventRounds "10"]
[EventCountry "GER"]
[SourceTitle "EXT 1998"]
[Source "ChessBase"]
[SourceDate "1997.11.17"]
[SourceVersion "1"]
[SourceVersionDate "1997.11.17"]
[SourceQuality "1"]

1. e4 c5 2. Nf3 e6 3. b3 d5 4. exd5 exd5 5. Bb5+ Nc6 6. 0-0 Nf6 7. Re1+ Be7 8. Qe2 Bg4 9. Nc3 Bxf3 10. Bxc6+ bxc6 11. Qxf3 0-0 12. Ba3 Re8 13. Na4 Qa5 14. Qc3 Qxc3 15. Nxc3 Nd7 16. Na4 Bf8 17. Kf1 f6 18. Rac1 1/2-1/2

[Event "Oberliga Ost-B 9495"]
[Site "Germany"]
[Date "1995.??.??"]
[Round "?"]
[White "Babrikowski, Peter"]
[Black "Broemel, Richard"]
[Result "1-0"]
[WhiteElo "2265"]
[BlackElo "2250"]
[PlyCount "61"]
[EventDate "1994.10.??"]
[EventType "team"]
[EventRounds "9"]
[EventCountry "GER"]
[SourceTitle "GER"]
[Source "ChessBase"]
[SourceDate "1999.07.01"]
[SourceVersion "1"]
[SourceVersionDate "1999.07.01"]
[SourceQuality "1"]

1. e4 c6 2. Nc3 d5 3. d4 g6 4. exd5 cxd5 5. Qf3 e6 6. Bf4 a6 7. Bd3 Nc6 8. Nge2 Nb4 9. h4 Bg7 10. h5 g5 11. Bd2 Nxd3+ 12. Qxd3 Bd7 13. f4 g4 14. f5 Qb6 15. 0-0-0 Nf6 16. Ng3 0-0-0 17. Bf4 Ne4 18. fxe6 Bxe6 19. Qe3 Rhe8 20. Nce2 Bd7 21. Nc3 Nxc3 22. Qxc3+ Qc6 23. Qa5 Bh6 24. Rhf1 Bxf4+ 25. Rxf4 Qh6 26. Qd2 Re7 27. Rdf1 Rde8 28. Kd1 Bb5 29. Nf5 Be2+ 30. Qxe2 Qxf4 31. Nxe7+ 1-0

[Event "Oberliga Ost-B 9495"]
[Site "Germany"]
[Date "1995.??.??"]
[Round "?"]
[White "Babrikowski, Peter"]
[Black "Sikorsky, Horst"]
[Result "1/2-1/2"]
[WhiteElo "2265"]
[BlackElo "2180"]
[PlyCount "51"]
[EventDate "1994.10.??"]
[EventType "team"]
[EventRounds "9"]
[EventCountry "GER"]
[SourceTitle "GER"]
[Source "ChessBase"]
[SourceDate "1999.07.01"]
[SourceVersion "1"]
[SourceVersionDate "1999.07.01"]
[SourceQuality "1"]

1. e4 Nf6 2. e5 Nd5 3. Nc3 Nxc3 4. dxc3 d5 5. Be3 Nc6 6. f4 Bf5 7. Nf3 e6 8. Bd3 Bxd3 9. Qxd3 Be7 10. 0-0-0 Na5 11. f5 Nc4 12. Bf4 Qd7 13. Nd2 Nxd2 14. Rxd2 Qa4 15. Rf2 Bc5 16. Rff1 0-0-0 17. Kb1 exf5 18. Qxf5+ Qd7 19. Bg5 Qxf5 20. Rxf5 Rd7 21. Rhf1 Re8 22. b4 Be7 23. Be3 f6 24. Rd1 g6 25. e6 Rd6 26. Rfxd5 1/2-1/2